00468cam a22001217a 4500008004000000082001800040100001800058245009500076260007500171300000800246440004300254700004900297180718b1968 xxu||||| |||| 00| 0 eng d aP11055 N213/5 aRuhela, S. P. aInternational Directory of Specialist and Scholars in Sociology Educationcby S. P. Ruhela aNew DelhibNational Council Of educational Research and Trainingc1968 a6p. aStudies in Sociology of Education No.5 aIndia. Department of Foundation of Education